000
00306nam a22001337a 4500
020
_a
9781782747277
040
_c
NUST
082
_a
623.7475209 HAS
100
_a
HASKEW, MICHAEL E.
_9
96802
245
_a
TANKS
260
_a
LONDON:
_b
Amber Books Ltd,
_c
2019.
650
_a
TANKS
_9
96803
942
_2
ddc
_c
BK
999
_c
590876
_d
590876